駅名に「岩」を含む駅 - Statistics

General Stats
  • This quiz has been taken 148 times
  • The average score is 27 of 81
Answer Stats
Hint Answer % Correct
岩見沢市 岩見沢
85%
江戸川区 小岩
81%
岩国市 岩国
80%
葛飾区 新小岩
78%
岩沼市 岩沼
73%
岩倉市 岩倉
73%
京都市 岩倉
73%
山口市 岩倉
73%
沼田市 岩本
71%
光市 岩田
67%
岩出市 岩出
64%
岩美町 岩美
64%
千代田区 岩本町
56%
岩美町 大岩
55%
さいたま市 岩槻
54%
岩国市 南岩国
53%
岩国市 西岩国
53%
岩国市 清流新岩国
52%
南足柄市 岩原
51%
さいたま市 東岩槻
49%
南房総市 岩井
48%
笠間市 岩間
46%
桜川市 岩瀬
45%
江戸川区 京成小岩
45%
恵那市 岩村
39%
仙台市 岩切
38%
盛岡市 岩手飯岡
36%
北区 赤羽岩淵
35%
滝沢市 小岩井
34%
岩泉町 岩泉小本
34%
神戸市 岩屋
33%
新見市 岩山
33%
唐津市 岩屋
33%
八雲町 黒岩
31%
湯沢町 岩原スキー場前
31%
佐久市 岩村田
30%
半田市 成岩
30%
半田市 東成岩
27%
大村市 岩松
27%
岩手町 岩手川口
26%
栃木市 岩舟
26%
みどり市 岩宿
26%
糸魚川市 平岩
26%
立山町 岩峅寺
26%
みなべ町 岩代
26%
大崎市 岩出山
22%
富山市 岩瀬浜
22%
裾野市 岩波
22%
北上市 岩沢
21%
東大阪市 若江岩田
21%
深浦町 陸奥岩崎
19%
山田町 岩手船越
19%
名古屋市 岩塚
19%
八戸市 北高岩
18%
由利本荘市 羽後岩谷
18%
福島市 岩代清水
18%
東吾妻町 岩島
18%
豊橋市 赤岩口
18%
遠野市 岩手二日町
17%
八峰町 岩館
17%
佐久穂町 高岩
17%
佐世保市 高岩
17%
由利本荘市 岩城みなと
15%
村上市 岩船町
15%
市川三郷町 甲斐岩間
15%
浜松市 遠州岩水寺
15%
浜松市 岩水寺
15%
宮津市 岩滝口
15%
鶴岡市 小岩川
13%
長岡市 越後岩塚
13%
八幡浜市 双岩
13%
大豊町 土佐岩原
13%
遠野市 岩手上郷
12%
新潟市 岩室
11%
小千谷市 越後岩沢
11%
遠野市 岩根橋
10%
富山市 東岩瀬
10%
一関市 岩ノ下
9%
宇部市 岩鼻
9%
長崎市 岩屋橋
9%
北秋田市 岩野目
7%
No matching quizzes found
Score Distribution
Percent of People with Each Score
Percentile by Number Answered
Your Score History
You have not taken this quiz